000 00648cam a22002171i 4500
001 816999
005 20180112050933.0
008 820525s1976 nyua 000 0beng
010 _a 76013685
020 _a0394403452 :
_c$22.50
040 _aDLC
_cDLC
_dDLC
041 _aeng
043 _ae-ur-ru
080 _a792.80924 SWO
082 0 0 _a792.80924 SWO
_aB
_219
100 1 _a44
101 _aART
245 1 0 _aBaryshnikov at work :
_cphotographs by Martha Swope ; text edited and introduced by Charles Engell France.
906 _a7
_bcbc
_corignew
_du
_eocip
_f19
_gy-gencatlg
942 _2ddc
_cBK
999 _c40198
_d40198